Pieseň Blahoslawenej Panni Marii

Bibliographic Details
Format: Book
Language:Slovak
PhysicalDescription:[4] s. 8°
Published: Banská Bystrica [s.n.] [s.a.]
Subjects:

MARC

LEADER 00000nam a2200000 a 4500
001 vtls008390457
003 SK-MaSNL
005 20260302041719.0
008 251124s xo slo
015 |a SKSNBA19011918-001559 
035 |a SK01SNKBSKFE20010082674 
035 |a SKM000085137 
040 |a SNK  |b slo  |c SNK  |e AACR2 
041 1 |a slo 
044 |a xo 
080 |a 245  |2 1981 
245 1 0 |a Pieseň Blahoslawenej Panni Marii 
260 |a Banská Bystrica  |b [s.n.]  |c [s.a.]  |e Banská Bystrica  |f Filip Machold 
300 |a [4] s.  |c 8° 
500 |a Frakt. 
500 |a Obál. tit. 
650 0 7 |a duchovné piesne  |2 SNK  |9 1928 
655 7 |a knihy  |2 SNKPH  |9 307098 
852 |a Slovenská národná knižnica v Martine  |b 10000  |h MS SD 3612/18 
958 |a RK 
958 |a TL 
999 |c 1079935  |d 1081865 
952 |a SNK  |b SNK  |y VYP  |7 0  |p 17A0536641  |o snkSD 3612/18 D1  |i snkK 3961/60  |8 3  |3 rekatalogizácia  |0 0  |1 0  |4 0  |d 2007-01-23  |l 0  |r 2026-02-24 16:22:36  |w 2026-02-24